La intermediación laboral como un instrumento eficaz en tiempos de crisis: servicios públicos de empleo y entidades afines

Saved in:
書目詳細資料
主要作者: Alarcón Castellanos, María del Mar (Author)
格式: 圖書
語言:西班牙语
出版: Pamplona Aranzadi 2009
版:1a. ed
主題:
標簽: 添加標簽
沒有標簽, 成為第一個標記此記錄!

MARC

LEADER 00000nam a2200000 a 4500
001 UCH4547
003 CL-VaPUC
008 090820e20090000SP |||||||||||||||||spa|d
020 |a 9788483559444 
082 0 4 |a 331.128  |b ALA  |2 21 
100 0 |a Alarcón Castellanos, María del Mar  |e author  |9 540093 
245 1 3 |a La intermediación laboral como un instrumento eficaz en tiempos de crisis: servicios públicos de empleo y entidades afines 
250 |a 1a. ed 
300 |a 388 p 
942 |c BK 
945 |d 20090820 00:00:00  |a dcastane 
260 |a Pamplona  |b Aranzadi  |c 2009 
650 7 |a INTERMEDIACION LABORAL  |2 CL-VaPUC  |9 540094 
650 0 |a Agencias de empleos   |9 677605 
650 0 |a Trabajadores  |9 260887 
651 0 |a Europa  |9 255156 
651 0 |a España  |9 254926 
583 |a last modification  |c 20130608 04:34:32  |k Rodrigo Vera 
999 |c 335827  |d 335825 
952 |0 0  |1 0  |4 0  |6 331_128000000000000_ALA_2009  |7 0  |8 A  |9 426563  |a BIBDER  |b BIBDER  |d 2019-11-22  |i 4588401  |o 331.128 ALA 2009  |p 4588401  |r 2023-01-25  |w 2019-11-22  |y BK  |k DER